Experientia est optima magistra. Vol. 4 (Запись № 10166746)

Подробности
000 -МАРКЕР
контрольное поле 01602nam2a2200313 4500
001 - ИДЕНТИФИКАТОР ЗАПИСИ
контрольное поле RU\NLR\BIBL_A\010802352
005 - ИДЕНТИФИКАТОР ВЕРСИИ
контрольное поле 20250614101403.0
010 ## - МЕЖДУНАРОДНЫЙ СТАНДАРТНЫЙ НОМЕР КНИГИ (ISBN)
Номер (ISBN) 978-5-9571-1088-0
Тираж 100
021 ## - НОМЕР ГОСУДАРСТВЕННОЙ РЕГИСТРАЦИИ
Код страны Российская Федерация
Номер 2015-38282
Номер Листа государственной регистраци 2270
035 ## - ДРУГИЕ СИСТЕМНЫЕ НОМЕРА
Идентификатор записи (NLR Aleph) 010802352
100 ## - ДАННЫЕ ОБЩЕЙ ОБРАБОТКИ
Данные общей обработки 20150715d2015 |||y0rusy50 ca
101 0# - ЯЗЫК РЕСУРСА
Язык текста, звукозаписи и т.д. английский
-- немецкий
-- белорусский
-- испанский, кастильский испанский
102 ## - СТРАНА ПУБЛИКАЦИИ ИЛИ ПРОИЗВОДСТВА
Страна публикации Российская Федерация
105 ## - ПОЛЕ КОДИРОВАННЫХ ДАННЫХ: ТЕКСТОВЫЕ МАТЕРИАЛЫ, МОНОГРАФИЧЕСКИЕ
Кодированные данные о монографическом текстовом документе y z 000yy
200 0# - ЗАГЛАВИЕ И СВЕДЕНИЯ ОБ ОТВЕТСТВЕННОСТИ
Основное заглавие Vol. 4
Сведения, относящиеся к заглавию papers of International conference, 14-15 April, 2015
210 ## - ПУБЛИКАЦИЯ, РАСПРОСТРАНЕНИЕ И ДР.
Место издания, распространения и т.д. Belgorod
Имя издателя, распространителя и т. д. Белгород
-- НИУ БелГУ
Дата издания, распространения и т.д. 2015
215 ## - ФИЗИЧЕСКАЯ ХАРАКТЕРИСТИКА
Специфическое обозначение материала и объем 271 с.
Другие сведения о физической характеристике ил.
300 ## - ОБЩИЕ ПРИМЕЧАНИЯ
Текст примечания В надзаг.: Belgorod state nat. research univ., Mozyr state ped. univ. names after Shamyakin, Pavlodar state ped. inst.
300 ## - ОБЩИЕ ПРИМЕЧАНИЯ
Текст примечания Текст на англ., нем., рус., белорус. , исп. яз.
320 ## - ПРИМЕЧАНИЯ О НАЛИЧИИ В ДОКУМЕНТЕ БИБЛИОГРАФИИ / УКАЗАТЕЛЯ
Текст примечания Библиогр. в конце докл.
461 #0 - УРОВЕНЬ НАБОРА
Встроенное поле 001RU\NLR\b_ik\199013
-- 2000#$aExperientia est optima magistra$dОпыт - лучший учитель$ecollected articles$fBelgorod state nat. research univ.$g[ed.-in-chief: A.A. Kolesnikov]$zrus$vVol. 4
Системный номер (АБИС) связанной записи 3955110
Место публикации Belgorod
Дата публикации 2012
Первые сведения об ответственности Belgorod state nat. research univ.
Параллельное заглавие Опыт - лучший учитель
Имя издателя, распространителя и т.д. PPC NRU BelSU
Сведения, относящиеся к заглавию collected articles
Заглавие Experientia est optima magistra
Номер тома Vol. 4
712 02 - НАИМЕНОВАНИЕ ОРГАНИЗАЦИИ - ВТОРИЧНАЯ ОТВЕТСТВЕННОСТЬ
Код отношения Прочие
Графика поля Латинская
Материалы, к которым относится поле eng
Начальный элемент ввода Mozyr state pedagogical university named after Shamyakin
Системный номер авторитетной/нормативной записи 481620
Идентификатор авторитетной/нормативной записи RU\NLR\AUTH\880407710
712 02 - НАИМЕНОВАНИЕ ОРГАНИЗАЦИИ - ВТОРИЧНАЯ ОТВЕТСТВЕННОСТЬ
Код отношения Прочие
Графика поля Латинская
Материалы, к которым относится поле eng
Начальный элемент ввода Pavlodar state pedagogical institute
Системный номер авторитетной/нормативной записи 481622
Идентификатор авторитетной/нормативной записи RU\NLR\AUTH\880407711
942 ## - ДОПОЛНИТЕЛЬНЫЕ ЭЛЕМЕНТЫ ЗАПИСИ (АБИС)
Тип экземпляра АБИС Книга
980 ## - КОЛЛЕКЦИЯ
Название коллекции Национальная библиография
Экземпляры
Тип экземпляра Дата поступления Источник поступления Стоимость Библиотека постоянного хранения Библиотека текущего хранения Место хранения Штрих-код Статус экземпляра Шифр хранения
Книга 15.07.2015 Обязательный экземпляр 0.00 РНБ (Московский) РНБ (Московский) Обменный фонд, иностранный 1-1020640    
Книга 15.07.2015 Обязательный экземпляр 0.00 РНБ (Московский) РНБ (Московский) Иностранный книжный фонд 1-1020636   Ик 2012-3/156